| 000 | 00959cam a2200313 a 4500 | ||
|---|---|---|---|
| 001 | 2504167 | ||
| 003 | OSt | ||
| 005 | 20140310182721.0 | ||
| 008 | 920528s1992 ilua 000 0 eng | ||
| 010 | _a 92019081 | ||
| 020 | _a0940625458 : | ||
| 040 |
_aDLC _cDLC _dDLC |
||
| 043 | _an-us--- | ||
| 050 | 0 | 0 |
_aRA 784 _b.W295 1992 |
| 082 | 0 | 0 |
_aM 664 _bL51 1990 |
| 100 | 1 |
_aWarshaw, Hope S., _d1954- |
|
| 245 | 1 | 0 |
_aEat out, eat right! _ba guide to healthier restaurant eating _cWarshaw, Hope S. |
| 260 |
_aChicago : _bSurrey Books, Inc., _cc1992. |
||
| 300 |
_a152 p. _bill. ; _c18 cm. |
||
| 521 | _aCollege Students | ||
| 526 | _c1210L-1700L | ||
| 541 | _j1 | ||
| 562 | _e1 | ||
| 650 | 0 | _aNutrition. | |
| 650 | 0 |
_aRestaurants _zUnited States. |
|
| 906 |
_a7 _bcbc _corignew _d1 _eocip _f19 _gy-gencatlg |
||
| 942 |
_2lcc _cBK _kM |
||
| 999 |
_c15334 _d15334 |
||